[Event "Lipetsk King's Gambit 2nd"]
[Site "Lipetsk"]
[Date "2008.07.15"]
[Round "7"]
[White "Martov, Vadim"]
[Black "Golubyatnikov, Mitrofan"]
[Result "1-0"]
[WhiteElo "2041"]
[BlackElo "2005"]
[PlyCount "135"]
[EventDate "2008.07.08"]
[EventType "swiss"]
[EventRounds "9"]
[EventCountry "RUS"]
[SourceTitle "EXT 2022"]
[Source "ChessBase"]
[SourceDate "2021.10.06"]
[SourceVersion "1"]
[SourceVersionDate "2021.10.06"]
[SourceQuality "1"]

1. d4 d5 2. Nf3 Nc6 3. g3 Bg4 4. Bg2 Qd7 5. h3 Bh5 6. Bf4 f6 7. h4 e6 8. c3 Bd6 9. Nbd2 Nge7 10. Bxd6 Qxd6 11. Qb3 0-0 12. 0-0 Rad8 13. e4 Na5 14. Qb5 b6 15. exd5 exd5 16. Rfe1 c6 17. Qf1 b5 18. b4 Nc4 19. Nxc4 bxc4 20. Nd2 Rfe8 21. Bh3 Bf7 22. Re3 Ng6 23. Rae1 Rxe3 24. Rxe3 Re8 25. Qe1 Rxe3 26. Qxe3 Qe7 27. Qxe7 Nxe7 28. Bd7 Kf8 29. f3 Be8 30. Bh3 Ng6 31. Kf2 Ke7 32. Bf5 Nf8 33. Ke3 g6 34. Bc2 Ne6 35. Bd1 Ng7 36. Bc2 Bd7 37. g4 Ne8 38. Nf1 Nd6 39. Ng3 Kf7 40. h5 a6 41. a4 Nb7 42. a5 Nd6 43. Ba4 Kg7 44. hxg6 hxg6 45. Kd2 Nc8 46. Nf1 Ne7 47. Ne3 Kh6 48. Ke2 Kg5 49. Kf2 f5 50. Bd1 Ng8 51. gxf5 gxf5 52. Ba4 Nf6 53. Bc2 f4 54. Nd1 Ne8 55. Nb2 Nd6 56. Na4 Nb5 57. Nc5 Bc8 58. Ba4 Nxc3 59. Bxc6 Nd1+ 60. Ke2 Ne3 61. Kd2 Kh4 62. Nxa6 Kg3 63. Nc7 Kxf3 64. Nxd5 Kf2 65. Nxf4 Nf5 66. Kc3 Ne7 67. d5 Kg3 68. Ne2+ 1-0

[Event "Voronezh op-B"]
[Site "Voronezh"]
[Date "2008.06.16"]
[Round "5"]
[White "Manukovsky, Vladimir"]
[Black "Martov, Vadim"]
[Result "1-0"]
[WhiteElo "2218"]
[BlackElo "2041"]
[PlyCount "55"]
[EventDate "2008.06.12"]
[EventType "swiss"]
[EventRounds "9"]
[EventCountry "RUS"]
[SourceTitle "CBM 125 Extra"]
[Source "ChessBase"]
[SourceDate "2008.09.01"]
[SourceVersion "1"]
[SourceVersionDate "2008.09.01"]
[SourceQuality "1"]

1. e4 c6 2. Nc3 d5 3. Nf3 a6 4. d4 Bg4 5. exd5 cxd5 6. h3 Bh5 7. g4 Bg6 8. Ne5 Nc6 9. Bg2 e6 10. h4 Nxe5 11. dxe5 h5 12. g5 Bb4 13. Bd2 Ne7 14. Ne2 Nc6 15. f4 Qb6 16. c3 Bc5 17. b4 Bf2+ 18. Kf1 Bd3 19. Rh3 Be4 20. a4 a5 21. b5 Ne7 22. Bxe4 dxe4 23. Qc2 e3 24. Bc1 Nf5 25. c4 0-0 26. c5 Rac8 27. Ba3 Rfd8 28. Qxf5 1-0

[Event "Moscow op-B 04th"]
[Site "Moscow"]
[Date "2008.02.09"]
[Round "8"]
[White "Simonian, Tigran"]
[Black "Martov, Vadim"]
[Result "1-0"]
[WhiteElo "2170"]
[BlackElo "2028"]
[PlyCount "45"]
[EventDate "2008.02.02"]
[EventType "swiss"]
[EventRounds "9"]
[EventCountry "RUS"]
[SourceTitle "CBM 122 Extra"]
[Source "ChessBase"]
[SourceDate "2008.03.04"]
[SourceVersion "1"]
[SourceVersionDate "2008.03.04"]
[SourceQuality "1"]

1. d4 d5 2. c4 c6 3. Nc3 Nf6 4. Bg5 Nbd7 5. e3 e6 6. cxd5 exd5 7. Bd3 Be7 8. Qc2 0-0 9. Nf3 Re8 10. 0-0 Nf8 11. Rab1 a5 12. a3 Ne4 13. Bxe7 Qxe7 14. Bxe4 dxe4 15. Nd2 f5 16. b4 axb4 17. axb4 Be6 18. Na4 Nd7 19. Nc5 Nf6 20. Nc4 Nd5 21. b5 f4 22. bxc6 bxc6 23. Nxe4 1-0

[Event "Moscow op-B 04th"]
[Site "Moscow"]
[Date "2008.02.02"]
[Round "1"]
[White "Martov, Vadim"]
[Black "Volkov, Sergei"]
[Result "0-1"]
[WhiteElo "2028"]
[BlackElo "2623"]
[PlyCount "78"]
[EventDate "2008.02.02"]
[EventType "swiss"]
[EventRounds "9"]
[EventCountry "RUS"]
[SourceTitle "CBM 122 Extra"]
[Source "ChessBase"]
[SourceDate "2008.03.04"]
[SourceVersion "1"]
[SourceVersionDate "2008.03.04"]
[SourceQuality "1"]

1. d4 Nf6 2. Nf3 c5 3. e3 g6 4. Be2 Bg7 5. 0-0 b6 6. c4 0-0 7. Nc3 d6 8. e4 cxd4 9. Nxd4 Bb7 10. f3 Nc6 11. Be3 Rc8 12. Rc1 Nd7 13. Qd2 Re8 14. Rfd1 Qc7 15. Ncb5 Qb8 16. Nxc6 Bxc6 17. b3 a6 18. Nc3 a5 19. Nd5 Nc5 20. Bf1 e6 21. Nc3 Rcd8 22. Qf2 f5 23. exf5 gxf5 24. Nb5 Kh8 25. Nd4 Ba8 26. Kh1 f4 27. Bd2 e5 28. Nf5 Bf6 29. Bc3 Re6 30. Nh6 Rd7 31. Ng4 Bg7 32. Qd2 Qd8 33. Re1 Qg5 34. Rcd1 Rg6 35. Nf2 Rh6 36. Ne4 Nxe4 37. fxe4 Rf7 38. Qf2 Qg3 39. Qg1 Qxc3 0-1